000 00555nam a2200193 4500
001 126012
003 ES-MaACL
005 20250204142352.0
007 t|
008 070214s1972 sp r ||||1| spa d
100 1 _aReich, Wilhelm.
_995949
245 1 0 _aPsicología de masas del fascismo /
_cWilhelm Reich ; traducción: Juan González Yuste.
260 _aMadrid :
_bAyuso,
_c1972.
300 _a148 p. ;
_c19 cm.
700 1 _aGonzález Yuste, Juan.
_959046
852 _aES-MaACL
_jC-49085
_bR.80420
942 _2udc
999 _c126012
_d126012